<?xml version="1.0" encoding="UTF-8"?>
<marc:record xmlns:marc="http://www.loc.gov/MARC21/slim">
   <marc:leader>00000nam a2200000 a 4500</marc:leader>
   <marc:datafield ind1="1" ind2=" " tag="100">
      <marc:subfield code="a">Frölich, Joannes Jacobus</marc:subfield>
   </marc:datafield>
   <marc:datafield ind1="1" ind2=" " tag="100">
      <marc:subfield code="a">Henricus &lt;Brixinensis&gt;</marc:subfield>
   </marc:datafield>
   <marc:datafield ind1="1" ind2=" " tag="100">
      <marc:subfield code="a">Jacobus &lt;Salisburgensis&gt;</marc:subfield>
   </marc:datafield>
   <marc:datafield ind1="1" ind2=" " tag="100">
      <marc:subfield code="a">Bernardus &lt;Salisburgensis&gt;</marc:subfield>
   </marc:datafield>
   <marc:datafield ind1="1" ind2=" " tag="100">
      <marc:subfield code="a">Bernardinus &lt;de Arezo&gt;</marc:subfield>
   </marc:datafield>
   <marc:datafield ind1="0" ind2="0" tag="245">
      <marc:subfield code="a">Der Anderte Jahrgang über die Sonntag</marc:subfield>
   </marc:datafield>
   <marc:datafield ind1=" " ind2="1" tag="264">
      <marc:subfield code="c">1692</marc:subfield>
   </marc:datafield>
   <marc:datafield ind1="1" ind2=" " tag="520">
      <marc:subfield code="a">Vermerk am Titelbl.: Loci FFrum Capuc. Wolfspergae; Druckermarke am Titelbl. http://zentralbibliothek.kapuziner.at/kupferstiche/provinzbibliothek/provinzbibliothek_2604.jpg, ill. Initialen, Zierinitialen, Zierholzschnitte und Verzierungen im Text; brauner Ledereinband auf Buchdeckeln aus Pappe, Buchrücken mit 3 Bünden, Titelschildern "P. || Mauri" "Domi: || nicale." und Signaturschild "G", blau-rot gesprenkelte Schnittkante.</marc:subfield>
   </marc:datafield>
   <marc:datafield ind1=" " ind2=" " tag="041">
      <marc:subfield code="a">ger</marc:subfield>
   </marc:datafield>
   <marc:datafield ind1=" " ind2=" " tag="500">
      <marc:subfield code="a">Titelbl. in Rot- und Schwarzdr. - Bibliogr. Nachweis: VD17 23:726473V</marc:subfield>
   </marc:datafield>
   <marc:datafield ind1="0" ind2=" " tag="490">
      <marc:subfield code="v">2,[2].</marc:subfield>
   </marc:datafield>
   <marc:datafield ind1=" " ind2=" " tag="300">
      <marc:subfield code="a">[8] Bl., 355, [1] S., [6] Bl.</marc:subfield>
   </marc:datafield>
</marc:record>
